Upgrade & maintain your PC

Bibliographic Details
Main Author: Karney, James
Format: Book
Language:English
Published: New York : MIS Press , c1996
Edition:2nd ed.
Subjects:

MARC

LEADER 00000cam a2200000 7i4500
001 0000003542
005 20230726.0
008 991204 nyu eng
020 |a 1558284605 (pbk) 
040 |a INS 
090 0 0 |a TK7887.   |b K37 1996 
100 1 |a Karney, James 
245 1 0 |a Upgrade & maintain your PC   |c James Karney 
246 3 0 |a Upgrade and maintain your PC 
250 |a 2nd ed. 
260 |a New York :   |b MIS Press ,   |c c1996 
300 |a xx, 923 p. :   |b ill. ;   |c 24 cm. +.   |e 1 computer laser optical disc (4 3/4 in.) 
500 |a Includes index 
650 0 |a Microcomputers   |x Maintenance and repair 
650 0 |a Microcomputers   |x Upgrading 
999 |a 0000006774   |b BOOK   |c Open Shelf   |e Default branch